000 00377cam a2200145ua 4500
041 _aeng
_h
100 _aSingh, R.k .
245 _aApplied Management for Agriculturaluniversities and colleges Vol.2
260 _aLucknow :
_bIndian Management Academy ,
_c2004.
300 _a ; .
504 _a
700 1 _aJyotsna, srivastva .
942 _cBK
999 _c12927
_d12927